000 00501nam a2200193Ia 4500
003 GCL
008 140319s9999 xx 000 0 eng d
040 _aGCL /
_cGCL
082 0 4 _a303.625
_bT T
100 1 _aPALETZ, DAVID L
245 1 0 _aTORRORISM AND THE MEDIA /
_cPALETZ, DAVID L
700 1 _aSCHMID, ALEX P
260 _a[S.N] :
_bSAGE PUBLICATIONS ،
_c1992
300 _a250\P
650 0 4 _aMASS MEDIA
650 0 4 _aSCHMID, ALEX P
650 0 4 _aTERRORISM - MASS MEDIA
942 _2ddc
_cBK
999 _c11847
_d11847